Project soil engineering trafficability (Record no. 550790)
[ view plain ]
| 000 -LEADER | |
|---|---|
| fixed length control field | 00373nam a22001337a 4500 |
| 082 ## - DEWEY DECIMAL CLASSIFICATION NUMBER | |
| Classification number | P-160 |
| 100 ## - MAIN ENTRY--PERSONAL NAME | |
| Personal name | Capt Malik Azhar Mahmood |
| 9 (RLIN) | 47598 |
| 245 ## - TITLE STATEMENT | |
| Title | Project soil engineering trafficability |
| Statement of responsibility, etc. | Capt Malik Azhar Mahmood, Capt Riaz Ahmed Khan |
| 260 ## - PUBLICATION, DISTRIBUTION, ETC. | |
| Date of publication, distribution, etc. | 23-4-2000 |
| 300 ## - PHYSICAL DESCRIPTION | |
| Extent | 147 p,: |
| 526 ## - STUDY PROGRAM INFORMATION NOTE | |
| Program name | 0 |
| Interest level | 0 |
| Reading level | 0 |
| Title point value | P_160 |
| 650 ## - SUBJECT ADDED ENTRY--TOPICAL TERM | |
| Topical term or geographic name entry element | Project OD-27 |
| 9 (RLIN) | 47599 |
| 942 ## - ADDED ENTRY ELEMENTS (KOHA) | |
| Source of classification or shelving scheme | |
| Koha item type | Book |
| Withdrawn status | Lost status | Source of classification or shelving scheme | Damaged status | Not for loan | Permanent Location | Current Location | Date acquired | Total Checkouts | Full call number | Barcode | Date last seen | Date last checked out | Price effective from | Koha item type | Public note |
|---|---|---|---|---|---|---|---|---|---|---|---|---|---|---|---|
| Military College of Engineering (MCE) | Military College of Engineering (MCE) | 11/25/2014 | 2 | P-160 | MCE-P-160 | 04/07/2016 | 04/07/2016 | 11/25/2014 | Book | Project |
